<?xml version="1.0" encoding="UTF-8"?>
<collection xmlns="http://www.loc.gov/MARC21/slim">
<record>
  <controlfield tag="001">148704</controlfield>
  <controlfield tag="005">20250124145431.0</controlfield>
  <datafield tag="024" ind1="8" ind2=" ">
    <subfield code="2">sideral</subfield>
    <subfield code="a">123414</subfield>
  </datafield>
  <datafield tag="037" ind1=" " ind2=" ">
    <subfield code="a">ART-2017-123414</subfield>
  </datafield>
  <datafield tag="041" ind1=" " ind2=" ">
    <subfield code="a">spa</subfield>
  </datafield>
  <datafield tag="100" ind1=" " ind2=" ">
    <subfield code="a">Gaspar Celaya, Diego</subfield>
    <subfield code="0">(orcid)0000-0001-8891-9879</subfield>
  </datafield>
  <datafield tag="245" ind1=" " ind2=" ">
    <subfield code="a">De una guerra a otra: oscenses en la Resistencia francesa (1939-1945)</subfield>
  </datafield>
  <datafield tag="260" ind1=" " ind2=" ">
    <subfield code="c">2017</subfield>
  </datafield>
  <datafield tag="506" ind1="0" ind2=" ">
    <subfield code="a">Access copy available to the general public</subfield>
    <subfield code="f">Unrestricted</subfield>
  </datafield>
  <datafield tag="520" ind1="3" ind2=" ">
    <subfield code="a">El presente artículo tiene como objetivo principal identificar al colectivo oscense que, dentro del grupo español, tomó parte activa en la lucha antifascista en las filas tanto de la Resistencia francesa como de los ejércitos de la Francia libre, así como ofrecer una visión de conjunto de las diferentes acciones que protagonizaron los resistentes altoaragoneses durante segundo conflicto mundial. Este trabajo se apoya en el examen detallado de diferentes fuentes primarias conservadas en los archivos del Ministerio de Defensa francés, cuya relación con testimonios y fuentes secundarias ha dado como resultado el análisis pormenorizado de la participación oscense, tarea que he podido llevar a cabo descendiendo de dos marcos de análisis más amplios: el estudio del exilio español llegado a Francia como consecuencia de la Guerra Civil (1936-1939) y la intervención extranjera en la lucha resistente.</subfield>
  </datafield>
  <datafield tag="540" ind1=" " ind2=" ">
    <subfield code="9">info:eu-repo/semantics/openAccess</subfield>
    <subfield code="a">by</subfield>
    <subfield code="u">http://creativecommons.org/licenses/by/3.0/es/</subfield>
  </datafield>
  <datafield tag="655" ind1=" " ind2="4">
    <subfield code="a">info:eu-repo/semantics/article</subfield>
    <subfield code="v">info:eu-repo/semantics/publishedVersion</subfield>
  </datafield>
  <datafield tag="773" ind1=" " ind2=" ">
    <subfield code="g">126 (2017), 15-39</subfield>
    <subfield code="p">Argensola</subfield>
    <subfield code="t">Argensola</subfield>
    <subfield code="x">0518-4088</subfield>
  </datafield>
  <datafield tag="856" ind1="4" ind2=" ">
    <subfield code="s">130933</subfield>
    <subfield code="u">http://zaguan.unizar.es/record/148704/files/texto_completo.pdf</subfield>
    <subfield code="y">Versión publicada</subfield>
  </datafield>
  <datafield tag="856" ind1="4" ind2=" ">
    <subfield code="s">932448</subfield>
    <subfield code="u">http://zaguan.unizar.es/record/148704/files/texto_completo.jpg?subformat=icon</subfield>
    <subfield code="x">icon</subfield>
    <subfield code="y">Versión publicada</subfield>
  </datafield>
  <datafield tag="856" ind1="4" ind2="1">
    <subfield code="u">https://revistas.iea.es/index.php/ARG/article/view/2651</subfield>
    <subfield code="z">Texto completo de la revista</subfield>
  </datafield>
  <datafield tag="909" ind1="C" ind2="O">
    <subfield code="o">oai:zaguan.unizar.es:148704</subfield>
    <subfield code="p">articulos</subfield>
    <subfield code="p">driver</subfield>
  </datafield>
  <datafield tag="951" ind1=" " ind2=" ">
    <subfield code="a">2025-01-24-14:51:13</subfield>
  </datafield>
  <datafield tag="980" ind1=" " ind2=" ">
    <subfield code="a">ARTICLE</subfield>
  </datafield>
</record>
</collection>